Thomas' calculus early transcendentals / (Record no. 22465)

MARC details
000 -LEADER
fixed length control field 01205cam a2200373 i 4500
001 - CONTROL NUMBER
control field 016492478
003 - CONTROL NUMBER IDENTIFIER
control field EG-ScBUE
005 - DATE AND TIME OF LATEST TRANSACTION
control field 20241007120025.0
008 - FIXED-LENGTH DATA ELEMENTS--GENERAL INFORMATION
fixed length control field 150114t2014 enka f 001 0 eng d
020 ## - INTERNATIONAL STANDARD BOOK NUMBER
International Standard Book Number 9781292021232
020 ## - INTERNATIONAL STANDARD BOOK NUMBER
International Standard Book Number 1292021233
040 ## - CATALOGING SOURCE
Original cataloging agency StDuBDS
Language of cataloging eng
Description conventions rda
Transcribing agency StDuBDS
Modifying agency EG-ScBUE
082 04 - DEWEY DECIMAL CLASSIFICATION NUMBER
Classification number 515
Edition number 22
Item number THO
100 ## - MAIN ENTRY--PERSONAL NAME
Personal name Thomas, George B.,
Titles and other words associated with a name Jr.
Fuller form of name (George Brinton),
Dates associated with a name 1914-2006,
Relator term author.
9 (RLIN) 41345
245 10 - TITLE STATEMENT
Title Thomas' calculus early transcendentals /
Statement of responsibility, etc George B. Thomas Jr., Maurice D. Weir, Joel R. Hass.
246 30 - VARYING FORM OF TITLE
Title proper/short title Calculus early transcendentals
250 ## - EDITION STATEMENT
Edition statement Twelfth edition.
250 ## - EDITION STATEMENT
Edition statement Pearson new international edition.
264 #1 - PUBLICATION, DISTRIBUTION, ETC. (IMPRINT)
Place of publication, distribution, etc Harlow :
Name of publisher, distributor, etc Pearson Education Limited,
Date of publication, distribution, etc [2014]
264 #4 - PUBLICATION, DISTRIBUTION, ETC. (IMPRINT)
Date of publication, distribution, etc c2014
300 ## - PHYSICAL DESCRIPTION
Extent 1125 pages :
Other physical details illustrations ;
Dimensions 28 cm.
336 ## - CONTENT TYPE
Source rdacontent
Content type term text
Content type code txt
337 ## - MEDIA TYPE
Media type term unmediated
Source rdamedia
Media type code n
338 ## - CARRIER TYPE
Carrier type term volume
Carrier type code nc
Source rdacarrier
490 0# - SERIES STATEMENT
Series statement Pearson custom library
500 ## - GENERAL NOTE
General note Includes index.<br/>
650 #7 - SUBJECT ADDED ENTRY--TOPICAL TERM
Topical term or geographic name as entry element Calculus.
Source of heading or term BUEsh
9 (RLIN) 2017
651 ## - SUBJECT ADDED ENTRY--GEOGRAPHIC NAME
Source of heading or term BUEsh
653 ## - INDEX TERM--UNCONTROLLED
Resource For college Engineering, General
Arrived date list October2016
655 ## - INDEX TERM--GENRE/FORM
Form subdivision Reading book
700 1# - ADDED ENTRY--PERSONAL NAME
Personal name Weir, Maurice D.,
Relator term author.
700 1# - ADDED ENTRY--PERSONAL NAME
Personal name Hass, Joel,
Relator term author.
942 ## - ADDED ENTRY ELEMENTS (KOHA)
Source of classification or shelving scheme Dewey Decimal Classification
Koha item type Book - Borrowing
Holdings
Withdrawn status Lost status Source of classification or shelving scheme Damaged status Not for loan Collection code Home library Current library Shelving location Date acquired Source of acquisition Cost, normal purchase price Total Checkouts Total Renewals Full call number Barcode Date last seen Date checked out Koha item type Checked out
    Dewey Decimal Classification     Baccah Central Library Central Library First floor 09/10/2016 Purchase 350.00 2 9 515 THO 000033860 15/07/2025 07/11/2024 Book - Borrowing  
    Dewey Decimal Classification     Baccah Central Library Central Library First floor 09/10/2016 Purchase 350.00     515 THO 000033861 15/07/2025   Book - Borrowing  
    Dewey Decimal Classification     Baccah Central Library Central Library First floor 09/10/2016 Purchase 350.00 2 17 515 THO 000033862 22/01/2026 22/01/2026 Book - Borrowing 14/05/2026